000 00426nam a2200181Ia 4500
001 2225
005 20260306143826.0
008 260306t2017||||xx |||||||||||||| ||spa||
041 _aESP
082 _a616.8
_bA45
100 _aAlonso Recio, Laura
_eAUT
245 0 _aBases biológicas de la conducta
260 _c2017
300 _a343 páginas :
_c24 cm.
650 _aGEN
654 _aCPS
942 _cLIB
_dJUS
_fJUS
_2ddc
_n
999 _c2225
_d2225